000
00332nam a2200133Ia 4500
008
250520s9999 xx 000 0 und d
020
_a
9789351361633
100
_a
MOHAN, P.C.S.JAGAN
245
0
_a
EAGLES OVER BANGLADESH
260
_b
HARPER COLLINS PUBLISHERS, NOIDA
_c
2013
300
_a
426
650
_a
General
942
_c
BK
999
_c
220643
_d
220643